000 00625nam a2200193 i 4500
001 19516
003 ES-MaACL
005 20230906152120.0
007 t|
008 021002s1971 sp ||||1| spa d
100 1 _aAbad León, Felipe,
_d1934-2017
_917928
245 1 0 _a25 arnedanos universales
_b: el río Orenzana y su término /
_cFelipe Abad León.
260 _a[Logroño] :
_bOchoa,
_c[1971] (
_eArnedo :
_fIsasa)
300 _a283 p., 8 lám. :
_bil. ;
_c21 cm.
650 4 _aRiego-
_zArnedo.
_9167400
650 4 _aArnedanos-
_xBiografías.
_9167401
852 _aES-MaACL
_jC-46878
_bR.81633
999 _c19516
_d19516